00742cam7a220019300 4500001001200000003000500012005001700017008004100034035001900075035002200094040000900116100002500125245006100150260002100211490010800232650003000340830017200370004000600542tmp15393352UPRA20190830121455.0950803s1967 be fre u a(Sirsi) r29215 a(UPRA)tmp15393352 cUPRA1 aDoneux, J.6A93545.110aAfricana linguistica III /c[by] J. Doneux [and others]. aTervuren,c1967.1 aMusee Royal de l'Afrique Centrale (Tervuren, Belgium). Annales. Ser. in-8 , Sciences humaines ;vno. 61 0aBantu languages.6S3923.1 0aAnnalen. Reeks in-8o, Menselijke wetenschappen ;nAnnalen. Reeks in-8o, Menselijke wetenschappen ;pAnnalen. Reeks in-8o, Menselijke wetenschappen ;vno. 61.6S14139.129215